| 000 | 00896 a2200241 4500 | ||
|---|---|---|---|
| 999 |
_c11394 _d11394 |
||
| 020 | _a0335218687 | ||
| 050 | 0 | 0 |
_aHQ 799 _bFUR 2007 |
| 100 | 1 |
_aFurlong, Andy. _eauthor |
|
| 245 | 1 | 0 |
_aYoung people and social change : _bNew Perspective / _cAndy Furlong and Fred Cartmel. |
| 250 | _asecond | ||
| 264 |
_aEngland : _bMc GrawHill Open University Press, _c2007 |
||
| 300 |
_a185 pages _billustrations |
||
| 336 |
_2rdacontent _atext _btxt |
||
| 337 |
_2rdamedia _aunmediated _bn |
||
| 338 |
_2rdacarrier _avolume _bnc |
||
| 440 | 0 | _aSociology and social change | |
| 504 | _aIncludes bibliographical references (p. [115]-132) and index. | ||
| 650 | 0 |
_aYouth _xSocial conditions. |
|
| 651 | 0 | _aGreat Britain | |
| 700 | 1 |
_aCartmel, Fred, _d1952- _eauthor |
|
| 942 |
_2lcc _cBK _esecond _h799 _iFUR _kHQ |
||